Responses for Show #4848 - Wednesday, October 12, 2005

2005 Back to School Week game 3.

Contestants

[<< previous game]

Matt Tick, from Escondido, California

Jon Er, from Williamsville, New York

Charlotte Darby, from West Chester, Pennsylvania

[next game >>]

Jeopardy! Round responses

OLD TESTAMENT HEROES
BLONDE AMBITION
THE PRE-PSAT
THIS CATEGORY IS A DISASTER!
SHAKE YOUR TAIL FEATHER
RHYMES WITH POWER
    $200 1
(Jon: Who is... God?)

Adam

CharlotteJon
    $200 21
(Jon: What are skates?)

a tennis racket

JonMatt
    $200 26
unconditionally

Jon
    $200 6
earthquakes

Charlotte
    $200 16
an ostrich

Jon
    $200 11
tower

Jon
    $400 2
David

Charlotte
    $400 22
(Alex: And that singer is [*]. You're a little young.)

Madonna

Triple Stumper
    $400 27
(Jon: What is column 1?)
(Matt: What is column 2?)

the columns are equal

CharlotteJonMatt
    $400 7
tornadoes

Matt
    $400 17
a swan

Charlotte
    $400 12
a flower

Matt
    $600 3
Joseph

Jon
    $600 23
(Jon: Who is Drew Barrymore?)
(Matt: Who is Carmen Diaz?)
...
(Alex: I'll tell you why I ruled against you, Matt. You changed her first name from "Cameron" to "Carmen". It's [*]. That's all right, small mistake.)

Cameron Diaz

JonMatt
Triple Stumper
    $600 28
(Matt: What is writer: pen?)

saw: carpenter

JonMatt
    $600 8
a volcano

Matt
    $600 18
a cardinal

Jon
    $600 13
a shower

Matt
    $800 4
(Alex: He was old. [*].)

Methuselah

Triple Stumper
    $800 24
Ellen DeGeneres

Matt
    $800 29
[The end-of-round signal sounds.]

inch: yard

Matt
    $800 9
a flood

Jon
    $800 19
(Jon: What is a platypus?)

a kiwi

JonMatt
    $800 14
an hour

Charlotte
    $1000 5
Joshua

Jon
    $1000 25
Jessica Simpson

Triple Stumper
    $800 10
a fire

Jon
    $1000 20
a toucan

Jon
    $1000 15
cower

Matt

Scores at the first commercial break (after clue 15):

Charlotte Jon Matt
$1,600 $3,200 $3,000

Scores at the end of the Jeopardy! Round:

Charlotte Jon Matt
$2,400 $3,800 $4,000

Double Jeopardy! Round responses

KID LIT
MOVIE & TV MONSTERS
POTPOURRI
A ROYAL VISIT
GOING GLOBAL
SPELLING
(Alex: And finally, the dreaded [*] category. I will give you the word you need to spell.)
    $400 1
Alice in Wonderland

Triple Stumper
    $400 9
the Riddler

Jon
    $400 13
a star

Matt
    $400 26
Japan

Triple Stumper
    $400 3
the Atlantic

Matt
    $400 7
P-H-O-N-I-C-S

Charlotte
    $800 2
Max

Matt
    $800 14
(Alex: Am I to believe [*] are no longer in favor?)

the Power Rangers

Triple Stumper
    $800 18
roller coasters

Matt
    $800 27
[The end-of-round signal sounds.]

Queen Elizabeth (II)

Charlotte
    $800 4
Africa

Charlotte
    $800 10
G-U-A-R-D-I-A-N

Jon
    $1200 22
Roald Dahl

Matt
    $1200 15
King Kong

Matt
    $1200 19
Mustardseed

Charlotte
    $1,000 5
Canada

Charlotte
    $1200 11
P-E-R-S-U-A-S-I-O-N

Jon
    $1,400 23
(Matt: Um...)
(Alex: Anything?)
(Matt: I don't know.)

Nancy Drew

Matt
    $1600 16
Digital Monsters

Jon
    $1600 20
the balance beam

Matt
    $1600 6
Australia

Jon
    $1600 12
(Jon: What is S-P-A-G-H-H-E-T-T-I?)

S-P-A-G-H-E-T-T-I

CharlotteJon
    $2000 24
Madeleine L'Engle

Jon
    $2000 17
the Incredible Hulk

Matt
    $2000 21
neon

Triple Stumper
    $2000 8
the Bering Strait

Matt
    $2000 25
(Jon: What is C-H-R-O-N-O-G-O-L-Y?)

C-H-R-O-N-O-L-O-G-I-C-A-L

CharlotteJon

Scores at the end of the Double Jeopardy! Round:

Charlotte Jon Matt
$10,200 $7,800 $13,000

[wagering suggestions for these scores]

Final Jeopardy! Round responses

SWEET TREATS
(Alex: Something we can all relate to.)
(Alex: It's also known by different names here in the United States, but if you go to a fair or midway, you can probably get some, and it's fun.)
...
(Alex: Yes, could be called candy floss.)

[Mrs. & Dan Tick]
JonWhat is cotton candy
$7,800
CharlotteWhat is cotton candy?
$4,000
MattWhat is cotten candy?
$3,000
cotton candy

Final scores:

Charlotte Jon Matt
$14,200 $15,600 $16,000
3rd place: $1,000 + an AOL personal computer package + Classroom Jeopardy! 2nd place: $2,000 + an AOL personal computer package + Classroom Jeopardy! Winner: $16,000 + an AOL personal computer package + Classroom Jeopardy!

Game dynamics:

Coryat scores:

Charlotte Jon Matt
$10,400 $8,000 $14,400
13 R
(including 1 DD),
0 W
16 R
(including 1 DD),
7 W
18 R,
4 W
(including 1 DD)

Combined Coryat: $32,800

[game clues] [game scores] [suggest correction]

Game tape date: 2005-09-12
The J! Archive is created by fans, for fans. Scraping, republication, monetization, and malicious use prohibited; this site may use cookies and collect identifying information. See terms. The Jeopardy! game show and all elements thereof, including but not limited to copyright and trademark thereto, are the property of Jeopardy Productions, Inc. and are protected under law. This website is not affiliated with, sponsored by, or operated by Jeopardy Productions, Inc. Join the discussion at JBoard.tv.